000 00802nam a2200253Ia 4500
003 OSt
005 20221005040122.0
006 a|||||r|||| 00| 0
007 ta
008 221004b |||||||| |||| 00| 0 pur d
020 _c150
024 _a121651
037 _bMPH/6075/4, 14/02/2012, Modern Publishing House
_cTextual
040 _aCRL
_cCRL
_bpur
041 _2pur
_apur
082 _aO164,1G53:g(S:55), 168N6
100 _aShakeel ur Rehman
_9179516
245 0 _aAmeer Khusru ki jamaliyat
260 _aDelhi
_bModern Publishing House India
_c1996
300 _a160p.
_ccm.
650 _aPERSIAN LITERATURE
_9309
942 _hO164,1G53:g(S:55), 168N6
_cTEXL
_2cc
999 _c946407
_d946407